| 000 | 010540000a22002770004500 | ||
|---|---|---|---|
| 090 | _aSERIADAS | ||
| 110 | 1 |
_aCorantioquia _9100635 |
|
| 245 | 1 | 0 | _aManejo de semillas y la propagación de diez especies forestales del bosque seco tropical |
| 044 | _aColombia | ||
| 041 | 0 | _aEspañol | |
| 690 |
_aBosque seco tropical _998389 |
||
| 690 |
_aEspecies forestales _992707 |
||
| 651 | 4 |
_dAntioquia _lColombia _992749 |
|
| 653 |
_eHymenaea courbaruil _vAlgarrobo _xGuapinol |
||
| 653 |
_eErythrina poeppigiana _vCámbulo _xPoró gigante _yCachimbo |
||
| 653 |
_eAlbizia guachapele _vCedro amarillo _xIguá |
||
| 653 |
_eCedrela odorata _vCedro rojo |
||
| 653 |
_ePseudobombax septenatum _vCeiba verde _xCeiba barrigona |
||
| 653 |
_eAstronium graveolens _vDiomate |
||
| 653 |
_eEnterolobium cyclocarpum _vPiñón de oreja |
||
| 653 |
_ePithecellobium saman _vSamán _xCampano _yGenízaro |
||
| 653 |
_eBuchenavia capitata _vTiricio _xMulí |
||
| 653 |
_eHura crepitans _vCeiba |
||
| 942 | _cARTICULO | ||
| 773 | 1 |
_tBoletín técnico biodiversidad _h3 _q1-72 _d2008 |
|
| 999 |
_c16418 _d16418 |
||